| 000 | 01959nam a22003257i 4500 | ||
|---|---|---|---|
| 001 | 768714001 | ||
| 003 | CO-MdFUSB | ||
| 005 | 20240924122405.0 | ||
| 008 | 170602t2002 -usb|||| |||| 00| 0 spa d | ||
| 020 | _a0-7899-1115-9 | ||
| 040 |
_aCO-MdFUSB _bspa _cCO-MdFUSB _dCO-MdFUSBC _erda |
||
| 041 | 0 |
_aspa _heng |
|
| 082 | 0 | 4 |
_223 _a221.6 _bSCO427 |
| 100 | 1 |
_aScott, Jack B. (1928-) _eautor |
|
| 240 | _aGod's plan unfolded | ||
| 245 | 3 |
_aEl plan de Dios en el Antiguo Testamento _c/ Jack B. Scott |
|
| 264 | 1 |
_aMiami, FL., Estados Unidos de América : _bUnilit, _c[2002] |
|
| 264 | 4 |
_a[Bogotá, Colombia] : _bFacultad Latinoamericana de Estudios Teológicos, _c©2002 |
|
| 300 |
_a639 páginas _c; 24 cm |
||
| 336 |
_2rdacontent _atexto _btxt |
||
| 337 |
_2rdamedia _asin mediación _bn |
||
| 338 |
_2rdacarrier _avolumen _bnc |
||
| 500 | _aIncluye índice, guía de estudio, mapas; contiene estudio programado por la Facultad Latinoamericana de Estudios Teológicos | ||
| 505 | _aVisión de conjunto (desde Génesis hasta Malaquías). -- Los orígenes del pueblo de Dios (Génesis). -- La liberación del pueblo de Dios (Éxodo, Deuteronomio). -- El pueblo hereda la tierra (Josué). -- La decadencia espiritual de Israel (Jueces, Rut, 1 Samuel 1, 2). -- El reavivamiento espiritual y la prosperidad del pueblo de Dios (1 Samuel 2.12 - 1 Reyes 11). -- La época de los profetas (1 Reyes 12 - 2 Reyes 25). -- Los profetas del siglo noveno. -- Los escritos para contrarrestar los desatinos de Salomón (Eclesiastés y el Cantar de los cantares). -- Los profetas del siglo octavo. -- Los profetas del siglo séptimo. -- El tiempo de expiación (586-400 a.C.). -- La restauración y la esperanza futura del pueblo de Dios de devoción y conducta del pueblo de Dios. | ||
| 563 | _aTapa dura | ||
| 630 | 0 | 7 |
_aBiblia. _pAntiguo Testamento |
| 650 | 7 |
_aHermenéutica bíblica _2embne _97333 |
|
| 942 | _cBK | ||
| 945 | _aCatherine Arias Alvarez | ||
| 999 |
_c33063 _d33063 |
||